Yüklüyor......
Building brands building meaning
| Yazar: | |
|---|---|
| Materyal Türü: | Printed Book |
| Dil: | English |
| Baskı/Yayın Bilgisi: |
New Delhi
Viva books
2006
|
| Konular: |
| LEADER | 00528nam a22001697a 4500 | ||
|---|---|---|---|
| 005 | 20151215124855.0 | ||
| 008 | 090909t xxu||||| |||| 00| 0 eng d | ||
| 082 | |a 658.827 |b KOM | ||
| 100 | |a Kompella, Kartikeya |9 19384 | ||
| 245 | |a Building brands building meaning | ||
| 260 | |a New Delhi |b Viva books |c 2006 | ||
| 300 | |a 134p. | ||
| 653 | |a Branding | ||
| 653 | |a Marketing | ||
| 942 | |c BK |6 _ | ||
| 999 | |c 93330 |d 93330 | ||
| 952 | |0 0 |1 0 |2 ddc |4 0 |6 658827_KOM |7 0 |9 117252 |a SMS |b SMS |c GEN |d 2009-09-09 |o 658.827 KOM |p SMS022843 |r 2009-09-09 |w 2009-09-09 |y BK | ||